AIDS National Interfaith Network.

Advertising with detachable membership form.

Bibliographic Details
Corporate Author: AIDS National Interfaith Network
Format: Book
Language:English
Published: Washington, D.C. : AIDS National Interfaith Network, [between 1990 and 2000?]
Subjects:

MARC

Tag First Indicator Second Indicator Subfields
LEADER 00000cam a2200000 i 4500
001 in00004366255
005 20211230122014.0
008 211006q19902000dcu 000 0 eng d
035 |a (OCoLC)on1273561090 
040 |a TXA  |b eng  |e rda  |c TXA 
035 |a (OCoLC)1273561090 
043 |a n-us--- 
090 |a BV4460.7  |b .A52 1990 
049 |a TXAM 
110 2 |a AIDS National Interfaith Network. 
245 1 0 |a AIDS National Interfaith Network. 
246 1 3 |a Religious communities responding to AIDS 
264 1 |a Washington, D.C. :  |b AIDS National Interfaith Network,  |c [between 1990 and 2000?] 
300 |a 1 folded sheet (8 panels) ;  |c 22 cm 
336 |a text  |b txt  |2 rdacontent 
337 |a unmediated  |b n  |2 rdamedia 
338 |a sheet  |b nc  |2 rdacarrier 
520 |a Advertising with detachable membership form. 
541 0 |a Donated by Sharon Stuart / Tom Heitz  |d 20190715 
610 2 0 |a AIDS National Interfaith Network. 
650 0 |a AIDS (Disease)  |x Patients  |x Pastoral counseling of  |z United States. 
650 0 |a AIDS (Disease)  |x Religious aspects. 
994 |a C0  |b TXA 
948 |a cataloged  |b h  |c 2021/10/6  |d o  |e nbehmer  |f 2:39:26 pm 
999 f f |s 7d0d1533-e5c4-3701-b165-dd1c59d74770  |i 6f9dcb0b-0513-362d-aee8-e2965eb4a0be  |t 0 
952 f f |p noncirc  |a Texas A&M University  |b College Station  |c Cushing Memorial Library & Archives  |d Cushing: Women & Gender Studies (Does not check out)  |t 0  |e BV4460.7 .A52 1990  |f Vertical file  |h Library of Congress classification  |i unmediated -- volume 
998 f f |a BV4460.7 .A52 1990  |t 0  |l Cushing: Women & Gender Studies (Does not check out)